000 00339nam a2200145 i 4500
001 bg
100 1 _aPANTEL, R.
245 0 _aOsnowy kwantowoj elektroniki /
_cR. Pantel, G. Putehof.
260 _aMoskwa,
_c1972.
700 1 _aPUTEHOF, G.
040 _cBPK
041 _apol
942 _cKS
008 s pl f |000 0 pol
999 _c14524
_d14524
856 _uhttp://koha.tu.koszalin.pl/cgi-bin/koha/opac-detail.pl?biblionumber=14524
_yKatalog online BPK